Le Corbusier : (Record no. 352341)

000 -LEADER
fixed length control field 01043 a2200265 4500
003 - CONTROL NUMBER IDENTIFIER
control field OSt
005 - DATE AND TIME OF LATEST TRANSACTION
control field 20180116192332.0
008 - FIXED-LENGTH DATA ELEMENTS--GENERAL INFORMATION
fixed length control field 120209t xxu||||| |||| 00| 0 eng d
010 ## - LIBRARY OF CONGRESS CONTROL NUMBER
LC control number 2007939903
020 ## - INTERNATIONAL STANDARD BOOK NUMBER
International Standard Book Number 9783764382322 (alk. paper)
040 ## - CATALOGING SOURCE
Transcribing agency 0
082 ## - DEWEY DECIMAL CLASSIFICATION NUMBER
Classification number 726.5092
100 1# - MAIN ENTRY--PERSONAL NAME
Personal name Pauly, Danièle.
245 10 - TITLE STATEMENT
Title Le Corbusier :
Remainder of title the chapel at Ronchamp /
Statement of responsibility, etc. Danièle Pauly.
246 30 - VARYING FORM OF TITLE
Title proper/short title Chapel at Ronchamp
260 ## - PUBLICATION, DISTRIBUTION, ETC.
Place of publication, distribution, etc. Paris :
Name of publisher, distributor, etc. Fondation Le Corbusier ;
Place of publication, distribution, etc. Basel ;
-- Boston :
Name of publisher, distributor, etc. Birkhäuser,
Date of publication, distribution, etc. c2008.
300 ## - PHYSICAL DESCRIPTION
Extent 105 p. :
Other physical details ill. ;
Dimensions 22 cm.
490 0# - SERIES STATEMENT
Series statement Guides Le Corbusier
505 ## - FORMATTED CONTENTS NOTE
Formatted contents note 1. Visiting and "READING" the building 2. History and genesis of the project 3. A"TOTAL WORK OF ART" 4. Ronchamp: A Manifesto
600 00 - SUBJECT ADDED ENTRY--PERSONAL NAME
Personal name Le Corbusier,
Dates associated with a name 1887-1965
General subdivision Criticism and interpretation.
610 20 - SUBJECT ADDED ENTRY--CORPORATE NAME
Corporate name or jurisdiction name as entry element Notre-Dame-du-Haut (Chapel : Ronchamp, France)
651 #0 - SUBJECT ADDED ENTRY--GEOGRAPHIC NAME
Geographic name Ronchamp (France)
General subdivision Buildings, structures, etc.
942 ## - ADDED ENTRY ELEMENTS (KOHA)
Institution code [OBSOLETE] SADA
Koha item type Book
Call number prefix 726.5092 PAL 2008
Source of classification or shelving scheme
Holdings
Withdrawn status Lost status Source of classification or shelving scheme Damaged status Not for loan Permanent Location Current Location Date acquired Total Checkouts Total Renewals Full call number Barcode Date last seen Date last checked out Cost, replacement price Price effective from Koha item type
          School of Art Design and Architecture (SADA) School of Art Design and Architecture (SADA) 08/31/2010 3 2 726.5092 PAL 2008 SADA0000090 09/27/2012 09/20/2012 1071.00 08/05/2011 Book
© 2023 Central Library, National University of Sciences and Technology. All Rights Reserved.